000 00749cam a22002653a 4500
001 17839
003 PGUSA
005 20140828083359.0
008 060223s2006||||xxu|||||s|||||000 | eng d
040 _aPGUSA
_beng
042 _adc
050 4 _aPA
100 1 _aSophocles,
_d-496--406
245 1 0 _aΟιδίπους Τύραννος
_h[electronic resource] /
_cSophocles
260 _bProject Gutenberg,
_c2006
506 _aPublic domain in the USA.
516 _aElectronic text
653 _aOedipus (Greek mythology) -- Drama
653 _aTragedies
700 1 _aKampanis, Aristos,
_d1883-1956
740 0 _aOedipus The King
830 0 _aProject Gutenberg
_v17839
856 4 0 _uhttp://www.gutenberg.org/ebooks/17839
942 _cEB
999 _c247094
_d247094